Parole italiane che derivano dal tedesco - Statistics

Statistiche generali
  • Questo quiz è stato fatto 59 volte
  • Il punteggio medio è 6 su 10
Statistiche sulle risposte
Indizio Parola % Corretto
Reattività di un'organismo nei confronti di una sostanza cui è sensibile. Molto diffusa è quella ai pollini. Allergia
93%
Azione che si compie, durante un banchetto o una festa, alzando un bicchiere e bevendo alla salute di qualcuno o per qualche augurio. Brindisi
91%
Campo di concentramento e sterminio. Lager
91%
Pesce fluviale o marino famoso soprattutto perché da esso di ricava il caviale. Storione
58%
Medicinale di largo uso a base di acido acetilsalicilico, generalmente distribuito in compresse effervescenti. Aspirina
53%
Appartenente alla fazione filoimperiale durante le guerre tra Papato e Impero; più in generale, chiunque sostenga il potere laico a discapito di quello ecclesiastico. Ghibellino
51%
Metallo bianco (numero atomico 27) presente in minerali dal caratteristico colore blu. Cobalto
44%
Teoria dell'inconscio della psiche umana fondata da Sigmund Freud. Psicanalisi
40%
Sorta di flauto ad ancia doppia in legno. Piffero
23%
Moneta d'argento di vastissima diffusione in Europa per oltre quattro secoli, dal cui nome deriva anche quello del Dollaro americano. Tallero
9%
Nessun quiz corrispondente trovato
Distribuzione punteggi
Percentuale di utenti per punteggio
Percentile per numero di risposta
I tuoi punteggi nel tempo
Non hai fatto questo quiz